LEADER 01680oam 2200445M 450 001 9910716487603321 005 20200213070925.6 035 $a(CKB)5470000002521266 035 $a(OCoLC)1065610279 035 $a(OCoLC)995470000002521266 035 $a(EXLCZ)995470000002521266 100 $a20071213d1927 ua 0 101 0 $aeng 135 $aurcn||||||||| 181 $ctxt$2rdacontent 182 $cc$2rdamedia 183 $acr$2rdacarrier 200 10$aTo correct an error in Public, No. 526, Sixty-ninth Congress. January 19, 1927. -- Referred to House Calendar and ordered to be printed 210 1$a[Washington, D.C.] :$c[U.S. Government Printing Office],$d1927. 215 $a1 online resource (1 pages) 225 1 $aHouse report / 69th Congress, 2nd session. House ;$vno. 1798 225 1 $a[United States congressional serial set] ;$v[serial no. 8688] 300 $aBatch processed record: Metadata reviewed, not verified. Some fields updated by batch processes. 300 $aFDLP item number not assigned. 606 $aAdministrative procedure 606 $aLegislative amendments 606 $aPrinting 608 $aLegislative materials.$2lcgft 615 0$aAdministrative procedure. 615 0$aLegislative amendments. 615 0$aPrinting. 701 $aGraham$b George Scott$f1850-1931.$pRepublican (PA)$01386798 801 0$bWYU 801 1$bWYU 801 2$bOCLCO 801 2$bOCLCQ 906 $aBOOK 912 $a9910716487603321 996 $aTo correct an error in Public, No. 526, Sixty-ninth Congress. January 19, 1927. -- Referred to House Calendar and ordered to be printed$93502442 997 $aUNINA LEADER 01062nas 2200409 c 450 001 9910481971603321 005 20260203110032.0 011 $a2199-3866 035 $a(CKB)2660000000009304 035 $a(OCoLC)985726871 035 $a(DE-101)1065062990 035 $a(DE-599)ZDB2806668-6 035 $a(DE-599)2806668-6 035 $a(EXLCZ)992660000000009304 100 $a20150116a20099999 |y | 101 0 $ager 135 $aur||||||||||| 181 $ctxt$2rdacontent 182 $cc$2rdamedia 183 $acr$2rdacarrier 200 00$aPneumo news 210 31$aMu?nchen$cSpringer Medizin, Urban u. Vogel$d2009- 215 $aOnline-Ressource 300 $aGesehen am 31.03.2017 311 08$a1865-5467 606 $aPneumologia$2thub 608 $aZeitschrift$2gnd-content 608 $aRevistes electròniques.$2thub 615 7$aPneumologia 676 $a610 801 0$b0046 801 1$bDE-101 801 2$b9999 906 $aJOURNAL 912 $a9910481971603321 996 $aPneumo news$92493403 997 $aUNINA